[Event "DEM U18 2018"]
[Site "Willingen GER"]
[Date "2018.05.23"]
[Round "5"]
[White "Weller, Uli"]
[Black "Rieß, Alexander"]
[Result "0-1"]
[Termination "normal"]
[Board "9"]
[BlackTitle "FM"]
[WhiteElo "2062"]
[BlackElo "2279"]
[WhiteClock "00:26:09"]
[BlackClock "00:30:06"]
[PlyCount "94"]
[WhiteFideId "12971782"]
[BlackFideId "12953326"]
[EventCountry "GER"]
[EventRounds "9"]
[EventType "swiss"]
[EventDate "2018.05.19"]

1. e4 {[%clk 1:30:58]} 1... e5 {[%clk 1:30:47]} 2. Nf3 {[%clk 1:31:11]} 2...
Nc6 {[%clk 1:31:07]} 3. Bc4 {[%clk 1:29:56]} 3... Bc5 {[%clk 1:31:14]} 4. c3 {
[%clk 1:30:10]} 4... Nf6 {[%clk 1:31:29]} 5. b4 {[%clk 1:29:32]} 5... Bb6 {
[%clk 1:26:38]} 6. Qb3 {[%clk 1:27:32]} 6... O-O {[%clk 1:23:57]} 7. d3 { [%clk
1:27:41]} 7... d6 {[%clk 1:21:35]} 8. a4 {[%clk 1:26:05]} 8... a5 { [%clk
1:14:03]} 9. b5 {[%clk 1:18:07]} 9... Ne7 {[%clk 1:14:15]} 10. O-O { [%clk
1:14:59]} 10... Ng6 {[%clk 1:12:32]} 11. Be3 {[%clk 1:00:21]} 11... Bxe3 {[%clk
1:07:30]} 12. fxe3 {[%clk 1:00:42]} 12... c6 {[%clk 1:06:07]} 13. bxc6 { [%clk
0:52:15]} 13... bxc6 {[%clk 1:06:29]} 14. Nbd2 {[%clk 0:52:20]} 14... d5 {[%clk
1:03:45]} 15. exd5 {[%clk 0:52:39]} 15... cxd5 {[%clk 1:04:06]} 16. Bb5 {[%clk
0:52:56]} 16... Qc7 {[%clk 0:53:32]} 17. Rfe1 {[%clk 0:39:35]} 17... e4 {[%clk
0:51:29]} 18. dxe4 {[%clk 0:38:58]} 18... dxe4 {[%clk 0:48:57]} 19. Nd4 {[%clk
0:39:11]} 19... Ng4 {[%clk 0:48:26]} 20. Nf1 {[%clk 0:38:33]} 20... Bb7 {[%clk
0:47:33]} 21. Ne6 {[%clk 0:23:19]} 21... fxe6 {[%clk 0:42:56]} 22. Qxe6+ {[%clk
0:23:36]} 22... Kh8 {[%clk 0:43:04]} 23. Qxg4 {[%clk 0:23:57]} 23... Qxc3
{[%clk 0:42:35]} 24. Rac1 {[%clk 0:20:05]} 24... Qf6 {[%clk 0:42:04]} 25. Qg3
{[%clk 0:18:11]} 25... Rac8 {[%clk 0:39:39]} 26. Red1 {[%clk 0:12:22]} 26...
Ne5 {[%clk 0:38:28]} 27. Nd2 {[%clk 0:09:09]} 27... Bd5 {[%clk 0:23:46]} 28.
Rxc8 {[%clk 0:07:55]} 28... Rxc8 {[%clk 0:23:55]} 29. Rf1 {[%clk 0:07:38]}
29... Qe6 {[%clk 0:23:49]} 30. Qf4 {[%clk 0:06:35]} 30... Ng4 {[%clk 0:14:36]}
31. Qf8+ {[%clk 0:02:37]} 31... Qg8 {[%clk 0:13:21]} 32. Qa3 {[%clk 0:02:22]}
32... Nf6 {[%clk 0:08:05]} 33. Nb1 {[%clk 0:02:05]} 33... h6 {[%clk 0:07:15]}
34. Nc3 {[%clk 0:02:14]} 34... Bc4 {[%clk 0:05:55]} 35. Re1 {[%clk 0:01:17]}
35... Qe6 {[%clk 0:05:43]} 36. Bxc4 {[%clk 0:01:11]} 36... Rxc4 {[%clk 0:04:12]
} 37. Ne2 {[%clk 0:01:24]} 37... Qe5 {[%clk 0:04:19]} 38. Nd4 {[%clk 0:00:46]}
38... Ng4 {[%clk 0:04:18]} 39. g3 {[%clk 0:00:40]} 39... Nxe3 {[%clk 0:03:26]}
40. Qf8+ {[%clk 0:00:31]} 40... Kh7 {[%clk 0:03:37]} 41. Ne2 {[%clk 0:26:09]}
41... Rxa4 {[%clk 0:30:06]} 42. Nf4 Ra1 43. Rxa1 Qxa1+ 44. Kf2 Qd4 45. Ne2 Ng4+
46. Kg2 Qf6 47. Qxf6 Nxf6 0-1

[Event "DEM U18 2018"]
[Site "Willingen GER"]
[Date "2018.05.23"]
[Round "5"]
[White "Oberhofer, Cédric"]
[Black "Woelk, Tom-Frederic"]
[Result "1/2-1/2"]
[Termination "normal"]
[Board "10"]
[WhiteElo "2158"]
[BlackElo "2176"]
[WhiteClock "00:17:17"]
[BlackClock "00:42:12"]
[PlyCount "112"]
[WhiteFideId "12941220"]
[BlackFideId "12993077"]
[EventCountry "GER"]
[EventRounds "9"]
[EventType "swiss"]
[EventDate "2018.05.19"]

1. e4 {[%clk 1:30:58]} 1... c5 {[%clk 1:30:54]} 2. Nf3 {[%clk 1:31:17]} 2... d6
{[%clk 1:31:15]} 3. d4 {[%clk 1:31:42]} 3... cxd4 {[%clk 1:31:40]} 4. Nxd4 {
[%clk 1:32:06]} 4... Nf6 {[%clk 1:32:05]} 5. Nc3 {[%clk 1:32:31]} 5... a6 {
[%clk 1:32:31]} 6. f4 {[%clk 1:32:57]} 6... e6 {[%clk 1:32:34]} 7. Qf3 { [%clk
1:32:01]} 7... e5 {[%clk 1:32:03]} 8. Nb3 {[%clk 1:25:53]} 8... Nbd7 { [%clk
1:22:45]} 9. Be3 {[%clk 1:13:37]} 9... Be7 {[%clk 1:22:41]} 10. O-O-O { [%clk
1:08:00]} 10... b5 {[%clk 1:18:34]} 11. a3 {[%clk 1:04:05]} 11... Bb7 { [%clk
1:18:27]} 12. g4 {[%clk 1:02:49]} 12... h5 {[%clk 1:11:38]} 13. gxh5 { [%clk
0:54:22]} 13... Nxh5 {[%clk 1:09:39]} 14. fxe5 {[%clk 0:45:55]} 14... Nxe5
{[%clk 1:09:33]} 15. Qg2 {[%clk 0:46:17]} 15... Nf6 {[%clk 0:50:06]} 16. Be2
{[%clk 0:43:09]} 16... Rc8 {[%clk 0:47:46]} 17. Nd5 {[%clk 0:31:08]} 17... Bxd5
{[%clk 0:47:36]} 18. exd5 {[%clk 0:31:34]} 18... g6 {[%clk 0:43:23]} 19. Nd4
{[%clk 0:29:18]} 19... Qd7 {[%clk 0:35:00]} 20. Rhe1 {[%clk 0:22:51]} 20... Qh3
{[%clk 0:26:52]} 21. Qxh3 {[%clk 0:20:59]} 21... Rxh3 {[%clk 0:27:19]} 22. Bf4
{[%clk 0:16:44]} 22... Rc5 {[%clk 0:24:43]} 23. Bf1 {[%clk 0:12:33]} 23... Rh5
{[%clk 0:25:09]} 24. Bg2 {[%clk 0:12:27]} 24... Nfd7 {[%clk 0:16:08]} 25. Bg3
{[%clk 0:11:05]} 25... Bh4 {[%clk 0:15:46]} 26. Nf3 {[%clk 0:10:37]} 26... Bxg3
{[%clk 0:16:10]} 27. hxg3 {[%clk 0:11:06]} 27... Kd8 {[%clk 0:16:02]} 28. Rh1
{[%clk 0:09:29]} 28... Rxh1 {[%clk 0:15:40]} 29. Bxh1 {[%clk 0:09:57]} 29...
Nxf3 {[%clk 0:15:41]} 30. Bxf3 {[%clk 0:10:23]} 30... Ke7 {[%clk 0:15:56] } 31.
Rd4 {[%clk 0:09:03]} 31... Ne5 {[%clk 0:15:07]} 32. Be2 {[%clk 0:09:19]} 32...
Kf6 {[%clk 0:14:30]} 33. a4 {[%clk 0:07:47]} 33... bxa4 {[%clk 0:12:45]} 34.
Rxa4 {[%clk 0:07:02]} 34... a5 {[%clk 0:12:55]} 35. Rd4 {[%clk 0:07:28]} 35...
Kg5 {[%clk 0:13:04]} 36. c3 {[%clk 0:06:10]} 36... f5 {[%clk 0:13:23]} 37. Kd2
{[%clk 0:06:02]} 37... Nd7 {[%clk 0:12:59]} 38. b4 {[%clk 0:03:24]} 38... axb4
{[%clk 0:13:25]} 39. cxb4 {[%clk 0:03:50]} 39... Rc7 {[%clk 0:13:48] } 40. Ke3
{[%clk 0:00:53]} 40... Kf6 {[%clk 0:13:59]} 41. g4 {[%clk 0:23:33]} 41... Ke5
{[%clk 0:44:08]} 42. gxf5 {[%clk 0:23:14]} 42... gxf5 {[%clk 0:44:32] } 43. Rd3
{[%clk 0:17:18]} 43... Nb6 {[%clk 0:44:51]} 44. Bf3 {[%clk 0:17:39]} 44... Rc2
{[%clk 0:42:12]} 45. Rb3 {[%clk 0:17:17]} 45... f4+ 46. Kd3 Rf2 47. Be4 Na4 48.
Bh1 Rf1 49. Bg2 Rg1 50. Bf3 Nb6 51. Rb2 Nxd5 52. b5 Rg8 53. b6 Ne7 54. Re2+ Kf6
55. Kc4 Rb8 56. Rb2 Ke6 1/2-1/2

[Event "DEM U18 2018"]
[Site "Willingen GER"]
[Date "2018.05.23"]
[Round "5"]
[White "Pallas, Sebastian"]
[Black "Heldt, Nils-Lennart"]
[Result "1/2-1/2"]
[Termination "normal"]
[Board "11"]
[WhiteElo "2291"]
[BlackElo "2070"]
[WhiteClock "00:24:17"]
[BlackClock "00:58:27"]
[PlyCount "89"]
[WhiteFideId "12905453"]
[BlackFideId "12952109"]
[EventCountry "GER"]
[EventRounds "9"]
[EventType "swiss"]
[EventDate "2018.05.19"]

1. e4 {[%clk 1:30:56]} 1... e5 {[%clk 1:30:14]} 2. Nf3 {[%clk 1:31:18]} 2...
Nc6 {[%clk 1:30:38]} 3. d4 {[%clk 1:31:43]} 3... exd4 {[%clk 1:30:49]} 4. Nxd4
{[%clk 1:32:05]} 4... Nf6 {[%clk 1:30:25]} 5. Nxc6 {[%clk 1:32:25]} 5... bxc6 {
[%clk 1:30:48]} 6. e5 {[%clk 1:32:46]} 6... Qe7 {[%clk 1:31:12]} 7. Qe2 { [%clk
1:33:09]} 7... Nd5 {[%clk 1:31:36]} 8. h4 {[%clk 1:33:17]} 8... a5 { [%clk
1:24:25]} 9. c4 {[%clk 1:32:38]} 9... Nb6 {[%clk 1:21:58]} 10. Nd2 { [%clk
1:29:24]} 10... Ba6 {[%clk 1:20:55]} 11. b3 {[%clk 1:25:57]} 11... a4 { [%clk
1:19:04]} 12. g3 {[%clk 1:20:33]} 12... Bb7 {[%clk 1:16:49]} 13. Rb1 { [%clk
1:12:13]} 13... axb3 {[%clk 1:16:42]} 14. axb3 {[%clk 1:12:38]} 14... c5 {[%clk
1:16:32]} 15. Nf3 {[%clk 1:06:41]} 15... Bxf3 {[%clk 1:12:19]} 16. Qxf3 {[%clk
1:07:07]} 16... Qxe5+ {[%clk 1:12:42]} 17. Be2 {[%clk 1:07:31]} 17... Ra2
{[%clk 1:12:16]} 18. Bf4 {[%clk 1:07:08]} 18... Qe6 {[%clk 1:11:29]} 19. Bxc7
{[%clk 1:06:52]} 19... Be7 {[%clk 1:08:23]} 20. Bxb6 {[%clk 0:51:16]} 20...
Qxb6 {[%clk 1:08:01]} 21. O-O {[%clk 0:51:28]} 21... O-O {[%clk 1:07:10]} 22.
Rbd1 {[%clk 0:50:59]} 22... Bf6 {[%clk 1:05:12]} 23. Rd5 {[%clk 0:48:44]} 23...
Bd4 {[%clk 1:03:49]} 24. Bd1 {[%clk 0:35:54]} 24... d6 {[%clk 0:58:26]} 25. h5
{[%clk 0:35:16]} 25... g6 {[%clk 0:56:49]} 26. Qf4 {[%clk 0:30:11]} 26... Be5
{[%clk 0:56:10]} 27. Qg4 {[%clk 0:25:46]} 27... Qd8 {[%clk 0:55:05]} 28. Rd3
{[%clk 0:26:06]} 28... f5 {[%clk 0:53:06]} 29. Qh3 {[%clk 0:25:14]} 29... g5
{[%clk 0:50:16]} 30. g4 {[%clk 0:21:39]} 30... h6 {[%clk 0:45:37]} 31. gxf5
{[%clk 0:19:33]} 31... Qf6 {[%clk 0:44:12]} 32. Re3 {[%clk 0:15:40]} 32... Qxf5
{[%clk 0:42:55]} 33. Bg4 {[%clk 0:15:58]} 33... Qf6 {[%clk 0:40:48]} 34. Rf3
{[%clk 0:15:33]} 34... Qg7 {[%clk 0:40:55]} 35. Bf5 {[%clk 0:10:19]} 35... Kh8
{[%clk 0:40:08]} 36. Bg6 {[%clk 0:08:05]} 36... Raa8 {[%clk 0:36:53]} 37. Rxf8+
{[%clk 0:03:10]} 37... Rxf8 {[%clk 0:36:56]} 38. Qe6 {[%clk 0:03:29]} 38... Qf6
{[%clk 0:36:49]} 39. Qxf6+ {[%clk 0:03:28]} 39... Bxf6 { [%clk 0:36:38]} 40.
Kg2 {[%clk 0:02:13]} 40... Be5 {[%clk 0:35:10]} 41. Re1 { [%clk 0:28:14]} 41...
Kg7 {[%clk 1:02:03]} 42. Be4 {[%clk 0:27:22]} 42... Rf4 { [%clk 1:00:31]} 43.
Bg6 {[%clk 0:24:44]} 43... Kf6 {[%clk 0:58:38]} 44. Re2 { [%clk 0:24:00]} 44...
g4 {[%clk 0:58:27]} 45. Re4 {[%clk 0:24:17]} 1/2-1/2

[Event "DEM U18 2018"]
[Site "Willingen GER"]
[Date "2018.05.23"]
[Round "5"]
[White "Gelman, Josef"]
[Black "Schlick, Stefan"]
[Result "1/2-1/2"]
[Termination "normal"]
[Board "12"]
[WhiteElo "1962"]
[BlackElo "1970"]
[WhiteClock "00:55:36"]
[BlackClock "00:26:35"]
[PlyCount "58"]
[WhiteFideId "12959642"]
[BlackFideId "16211332"]
[EventCountry "GER"]
[EventRounds "9"]
[EventType "swiss"]
[EventDate "2018.05.19"]

1. Nf3 {[%clk 1:30:58]} 1... Nf6 {[%clk 1:30:42]} 2. g3 {[%clk 1:31:25]} 2...
b6 {[%clk 1:30:37]} 3. Bg2 {[%clk 1:31:51]} 3... Bb7 {[%clk 1:30:58]} 4. c4 {
[%clk 1:32:14]} 4... e6 {[%clk 1:31:19]} 5. Nc3 {[%clk 1:32:33]} 5... Be7 {
[%clk 1:31:42]} 6. d4 {[%clk 1:32:56]} 6... Ne4 {[%clk 1:31:35]} 7. O-O { [%clk
1:31:10]} 7... O-O {[%clk 1:30:43]} 8. Qc2 {[%clk 1:29:37]} 8... Nxc3 { [%clk
1:30:40]} 9. bxc3 {[%clk 1:29:39]} 9... Nc6 {[%clk 1:30:04]} 10. Nd2 { [%clk
1:23:10]} 10... Na5 {[%clk 1:29:35]} 11. Bxb7 {[%clk 1:19:54]} 11... Nxb7
{[%clk 1:29:53]} 12. Nb3 {[%clk 1:16:13]} 12... Qc8 {[%clk 1:15:26]} 13. e4 {
[%clk 1:15:47]} 13... Nd6 {[%clk 1:05:24]} 14. c5 {[%clk 1:13:25]} 14... Nc4 {
[%clk 1:04:16]} 15. Qe2 {[%clk 1:10:31]} 15... b5 {[%clk 1:02:50]} 16. Nd2 {
[%clk 1:09:26]} 16... Nxd2 {[%clk 1:00:44]} 17. Bxd2 {[%clk 1:09:30]} 17... a6
{[%clk 0:53:39]} 18. c4 {[%clk 1:08:48]} 18... c6 {[%clk 0:46:22]} 19. a4 {
[%clk 1:08:41]} 19... e5 {[%clk 0:39:43]} 20. dxe5 {[%clk 1:08:04]} 20... Bxc5
{[%clk 0:38:50]} 21. axb5 {[%clk 1:08:25]} 21... Bd4 {[%clk 0:32:30]} 22. Rxa6
{[%clk 1:08:46]} 22... Rxa6 {[%clk 0:32:27]} 23. bxa6 {[%clk 1:09:10]} 23...
Qxa6 {[%clk 0:32:23]} 24. Bf4 {[%clk 1:02:40]} 24... Qa7 {[%clk 0:31:03]} 25.
Rd1 {[%clk 0:55:52]} 25... Qc5 {[%clk 0:29:15]} 26. Qd2 {[%clk 0:55:36]} 26...
Bxe5 {[%clk 0:27:57]} 27. Bxe5 {[%clk 0:55:52]} 27... Qxe5 {[%clk 0:28:21]} 28.
Qxd7 {[%clk 0:56:03]} 28... Qxe4 {[%clk 0:28:08]} 29. Qd4 {[%clk 0:55:36]}
29... Qe2 {[%clk 0:26:35]} 1/2-1/2

[Event "DEM U18 2018"]
[Site "Willingen GER"]
[Date "2018.05.23"]
[Round "5"]
[White "Focke, Adrian"]
[Black "Schmohel, Andreas"]
[Result "1/2-1/2"]
[Termination "normal"]
[Board "13"]
[WhiteElo "1775"]
[BlackElo "1782"]
[WhiteClock "00:04:59"]
[BlackClock "00:04:02"]
[PlyCount "71"]
[WhiteFideId "12969869"]
[BlackFideId "16228006"]
[EventCountry "GER"]
[EventRounds "9"]
[EventType "swiss"]
[EventDate "2018.05.19"]

1. e4 {[%clk 1:30:44]} 1... e5 {[%clk 1:30:52]} 2. Nf3 {[%clk 1:30:49]} 2...
Nc6 {[%clk 1:31:15]} 3. Bb5 {[%clk 1:30:45]} 3... a6 {[%clk 1:31:10]} 4. Bxc6 {
[%clk 1:31:08]} 4... dxc6 {[%clk 1:31:33]} 5. O-O {[%clk 1:31:31]} 5... Ne7 {
[%clk 1:31:52]} 6. d4 {[%clk 1:30:19]} 6... exd4 {[%clk 1:31:41]} 7. Nxd4 {
[%clk 1:30:36]} 7... c5 {[%clk 1:31:09]} 8. Nb3 {[%clk 1:30:19]} 8... Qxd1 {
[%clk 1:30:36]} 9. Rxd1 {[%clk 1:30:47]} 9... Ng6 {[%clk 1:30:48]} 10. Nc3 {
[%clk 1:29:07]} 10... Bd7 {[%clk 1:29:43]} 11. f4 {[%clk 1:21:42]} 11... O-O-O
{[%clk 1:25:56]} 12. Be3 {[%clk 1:18:34]} 12... b6 {[%clk 1:23:38]} 13. Nd5 {
[%clk 1:12:31]} 13... Bd6 {[%clk 1:14:54]} 14. e5 {[%clk 1:08:56]} 14... Be7 {
[%clk 1:12:47]} 15. h3 {[%clk 0:52:09]} 15... Bf5 {[%clk 0:59:30]} 16. c4 {
[%clk 0:47:48]} 16... h5 {[%clk 0:55:34]} 17. Rd2 {[%clk 0:37:44]} 17... Rd7 {
[%clk 0:49:22]} 18. Rad1 {[%clk 0:37:58]} 18... Rhd8 {[%clk 0:48:46]} 19. Nc1 {
[%clk 0:36:35]} 19... f6 {[%clk 0:35:41]} 20. exf6 {[%clk 0:31:09]} 20... Bxf6
{[%clk 0:35:37]} 21. Ne2 {[%clk 0:29:47]} 21... h4 {[%clk 0:32:42]} 22. Kf2 {
[%clk 0:27:21]} 22... Ne7 {[%clk 0:27:57]} 23. Nxf6 {[%clk 0:24:37]} 23... gxf6
{[%clk 0:27:28]} 24. Nc3 {[%clk 0:22:09]} 24... c6 {[%clk 0:25:08]} 25. Kf3 {
[%clk 0:17:24]} 25... Rxd2 {[%clk 0:20:25]} 26. Rxd2 {[%clk 0:17:48]} 26...
Rxd2 {[%clk 0:20:49]} 27. Bxd2 {[%clk 0:18:17]} 27... Bd3 {[%clk 0:20:53]} 28.
b3 {[%clk 0:16:51]} 28... Kd7 {[%clk 0:17:04]} 29. Kg4 {[%clk 0:11:03]} 29...
Nf5 {[%clk 0:16:31]} 30. Be1 {[%clk 0:10:26]} 30... Ne3+ {[%clk 0:15:16]} 31.
Kf3 {[%clk 0:10:26]} 31... Nf5 {[%clk 0:15:18]} 32. Bf2 {[%clk 0:10:17]} 32...
Ke6 {[%clk 0:10:02]} 33. Kg4 {[%clk 0:09:41]} 33... a5 {[%clk 0:06:53]} 34. Kf3
{[%clk 0:04:59]} 34... Nd4+ {[%clk 0:04:02]} 35. Kg4 {[%clk 0:04:34]} 35... Nf5
{[%clk 0:04:02]} 36. Kf3 {[%clk 0:04:59]} 1/2-1/2

[Event "DEM U18 2018"]
[Site "Willingen GER"]
[Date "2018.05.23"]
[Round "5"]
[White "Fieberg, Samuel"]
[Black "Zimmer, Luca"]
[Result "1-0"]
[Termination "normal"]
[Board "14"]
[WhiteTitle "FM"]
[WhiteElo "2248"]
[BlackElo "1633"]
[WhiteClock "00:44:50"]
[BlackClock "00:01:11"]
[PlyCount "75"]
[WhiteFideId "12901717"]
[BlackFideId "12921424"]
[EventCountry "GER"]
[EventRounds "9"]
[EventType "swiss"]
[EventDate "2018.05.19"]

1. e4 {[%clk 1:30:57]} 1... e6 {[%clk 1:30:45]} 2. d4 {[%clk 1:31:22]} 2... d5
{[%clk 1:31:10]} 3. Nd2 {[%clk 1:31:50]} 3... Nf6 {[%clk 1:31:29]} 4. e5 {
[%clk 1:32:17]} 4... Nfd7 {[%clk 1:31:52]} 5. Bd3 {[%clk 1:32:42]} 5... c5 {
[%clk 1:32:15]} 6. c3 {[%clk 1:33:09]} 6... Nc6 {[%clk 1:32:33]} 7. Ne2 { [%clk
1:33:31]} 7... cxd4 {[%clk 1:32:55]} 8. cxd4 {[%clk 1:33:54]} 8... f6 { [%clk
1:33:11]} 9. exf6 {[%clk 1:34:20]} 9... Nxf6 {[%clk 1:33:33]} 10. Nf3 { [%clk
1:34:20]} 10... Bd6 {[%clk 1:33:51]} 11. O-O {[%clk 1:34:41]} 11... Qc7 { [%clk
1:34:15]} 12. h3 {[%clk 1:35:04]} 12... O-O {[%clk 1:34:01]} 13. Re1 { [%clk
1:35:25]} 13... Bd7 {[%clk 1:33:50]} 14. Be3 {[%clk 1:35:47]} 14... Be8 { [%clk
1:31:48]} 15. Ng5 {[%clk 1:36:00]} 15... Bf7 {[%clk 1:28:20]} 16. Nc3 { [%clk
1:26:39]} 16... a6 {[%clk 1:27:03]} 17. Qc2 {[%clk 1:24:56]} 17... h6 { [%clk
1:21:36]} 18. Nxf7 {[%clk 1:25:03]} 18... Qxf7 {[%clk 1:21:39]} 19. Bg6 { [%clk
1:25:29]} 19... Qd7 {[%clk 1:21:05]} 20. Qe2 {[%clk 1:25:27]} 20... Ne7 { [%clk
1:16:33]} 21. Bc2 {[%clk 1:25:12]} 21... Rae8 {[%clk 1:10:05]} 22. Qd3 { [%clk
1:22:02]} 22... e5 {[%clk 0:43:42]} 23. dxe5 {[%clk 1:21:04]} 23... Bxe5 {[%clk
0:43:40]} 24. Rad1 {[%clk 1:17:35]} 24... Rd8 {[%clk 0:38:44]} 25. Bb6 { [%clk
1:09:23]} 25... Bc7 {[%clk 0:38:21]} 26. Bc5 {[%clk 1:06:00]} 26... Rfe8 {[%clk
0:34:45]} 27. Bd4 {[%clk 0:56:56]} 27... Qd6 {[%clk 0:18:41]} 28. Be5 { [%clk
0:56:50]} 28... Qb6 {[%clk 0:18:37]} 29. Bxf6 {[%clk 0:56:43]} 29... Qxf6
{[%clk 0:18:40]} 30. Qh7+ {[%clk 0:57:04]} 30... Kf7 {[%clk 0:18:04]} 31. Re3 {
[%clk 0:56:19]} 31... Rh8 {[%clk 0:13:57]} 32. Qd3 {[%clk 0:55:24]} 32... Qd6 {
[%clk 0:10:24]} 33. g3 {[%clk 0:55:14]} 33... Kg8 {[%clk 0:07:20]} 34. Bb3 {
[%clk 0:53:40]} 34... Bb6 {[%clk 0:06:38]} 35. Rf3 {[%clk 0:49:55]} 35... Qc5 {
[%clk 0:02:29]} 36. Qe4 {[%clk 0:45:23]} 36... Qd6 {[%clk 0:00:59]} 37. Nxd5 {
[%clk 0:45:25]} 37... Nxd5 {[%clk 0:01:11]} 38. Rxd5 {[%clk 0:44:50]} 1-0

[Event "DEM U18 2018"]
[Site "Willingen GER"]
[Date "2018.05.23"]
[Round "6"]
[White "Reuker, Jari"]
[Black "Parvanyan, Ashot"]
[Result "1-0"]
[Termination "normal"]
[Board "1"]
[BlackTitle "FM"]
[WhiteElo "2338"]
[BlackElo "2413"]
[WhiteClock "00:04:21"]
[BlackClock "00:00:32"]
[PlyCount "68"]
[WhiteFideId "12909300"]
[BlackFideId "13307550"]
[EventCountry "GER"]
[EventRounds "9"]
[EventType "swiss"]
[EventDate "2018.05.19"]

1. e4 {[%clk 1:30:56]} 1... e5 {[%clk 1:30:28]} 2. Nf3 {[%clk 1:31:16]} 2...
Nc6 {[%clk 1:30:53]} 3. Bb5 {[%clk 1:30:58]} 3... g6 {[%clk 1:31:17]} 4. c3 {
[%clk 1:29:06]} 4... a6 {[%clk 1:31:31]} 5. Ba4 {[%clk 1:29:10]} 5... d6 {
[%clk 1:31:43]} 6. O-O {[%clk 1:28:16]} 6... Bg7 {[%clk 1:30:37]} 7. d4 { [%clk
1:27:05]} 7... Bd7 {[%clk 1:30:42]} 8. d5 {[%clk 1:27:09]} 8... Nce7 { [%clk
1:31:04]} 9. c4 {[%clk 1:27:09]} 9... h6 {[%clk 1:25:31]} 10. Nc3 { [%clk
1:27:22]} 10... f5 {[%clk 1:17:15]} 11. Bxd7+ {[%clk 1:25:51]} 11... Qxd7
{[%clk 1:17:32]} 12. Ne1 {[%clk 1:26:13]} 12... Nf6 {[%clk 1:17:02]} 13. f3 {
[%clk 1:26:22]} 13... O-O {[%clk 1:09:34]} 14. Nd3 {[%clk 1:24:54]} 14... g5 {
[%clk 0:58:54]} 15. c5 {[%clk 1:08:52]} 15... f4 {[%clk 0:53:03]} 16. cxd6 {
[%clk 1:02:24]} 16... cxd6 {[%clk 0:42:44]} 17. Nf2 {[%clk 0:57:21]} 17... h5 {
[%clk 0:39:50]} 18. h3 {[%clk 0:55:40]} 18... Rf7 {[%clk 0:38:27]} 19. Bd2 {
[%clk 0:46:21]} 19... Bf8 {[%clk 0:37:58]} 20. Na4 {[%clk 0:43:32]} 20... Qd8 {
[%clk 0:37:02]} 21. Qb3 {[%clk 0:39:44]} 21... b5 {[%clk 0:33:27]} 22. Nc3 {
[%clk 0:40:04]} 22... Rb8 {[%clk 0:33:47]} 23. a4 {[%clk 0:33:55]} 23... b4 {
[%clk 0:32:52]} 24. Ne2 {[%clk 0:32:32]} 24... a5 {[%clk 0:32:12]} 25. Kh1 {
[%clk 0:24:56]} 25... g4 {[%clk 0:23:14]} 26. Bxf4 {[%clk 0:13:37]} 26... exf4
{[%clk 0:22:33]} 27. Nxf4 {[%clk 0:13:59]} 27... Bh6 {[%clk 0:12:18]} 28. Ne6 {
[%clk 0:14:22]} 28... Qb6 {[%clk 0:12:43]} 29. Rae1 {[%clk 0:09:55]} 29... gxf3
{[%clk 0:08:12]} 30. Qxf3 {[%clk 0:08:40]} 30... Nxe4 {[%clk 0:01:44]} 31. Qxe4
{[%clk 0:06:59]} 31... Rxf2 {[%clk 0:02:08]} 32. Qh4 {[%clk 0:04:09]} 32...
Rxf1+ {[%clk 0:00:34]} 33. Rxf1 {[%clk 0:04:38]} 33... Qa7 {[%clk 0:00:31]} 34.
Qxh5 {[%clk 0:04:21]} 34... Be3 {[%clk 0:00:32]} 1-0

[Event "DEM U18 2018"]
[Site "Willingen GER"]
[Date "2018.05.23"]
[Round "6"]
[White "Lagunow, Raphael"]
[Black "Nothnagel, Marian Can"]
[Result "1/2-1/2"]
[Termination "normal"]
[Board "2"]
[WhiteTitle "FM"]
[WhiteElo "2387"]
[BlackElo "2317"]
[WhiteClock "00:24:34"]
[BlackClock "00:33:28"]
[PlyCount "84"]
[WhiteFideId "24652644"]
[BlackFideId "12921530"]
[EventCountry "GER"]
[EventRounds "9"]
[EventType "swiss"]
[EventDate "2018.05.19"]

1. Nf3 {[%clk 1:30:57]} 1... Nf6 {[%clk 1:30:53]} 2. c4 {[%clk 1:31:04]} 2...
e6 {[%clk 1:31:05]} 3. g3 {[%clk 1:31:26]} 3... d5 {[%clk 1:31:22]} 4. b3 {
[%clk 1:31:35]} 4... Be7 {[%clk 1:31:31]} 5. Bg2 {[%clk 1:31:57]} 5... O-O {
[%clk 1:31:29]} 6. O-O {[%clk 1:32:17]} 6... c5 {[%clk 1:31:31]} 7. cxd5 {
[%clk 1:32:33]} 7... Nxd5 {[%clk 1:31:56]} 8. Nc3 {[%clk 1:32:53]} 8... Nc6 {
[%clk 1:24:15]} 9. Bb2 {[%clk 1:33:13]} 9... Nxc3 {[%clk 1:24:22]} 10. dxc3 {
[%clk 1:33:02]} 10... Qc7 {[%clk 1:23:48]} 11. Qc2 {[%clk 1:27:59]} 11... b6 {
[%clk 1:22:10]} 12. Bc1 {[%clk 1:27:27]} 12... Bb7 {[%clk 1:17:41]} 13. Bf4 {
[%clk 1:27:11]} 13... Bd6 {[%clk 1:15:21]} 14. Ng5 {[%clk 1:19:28]} 14... g6 {
[%clk 1:15:42]} 15. Be3 {[%clk 1:15:38]} 15... Ne7 {[%clk 1:05:55]} 16. Bxb7 {
[%clk 0:55:36]} 16... Qxb7 {[%clk 1:06:06]} 17. Rad1 {[%clk 0:55:04]} 17... Be5
{[%clk 0:52:22]} 18. Ne4 {[%clk 0:47:00]} 18... Rfd8 {[%clk 0:31:29]} 19. Bg5 {
[%clk 0:35:18]} 19... Bg7 {[%clk 0:28:39]} 20. c4 {[%clk 0:24:12]} 20... Qc7 {
[%clk 0:21:29]} 21. Bf4 {[%clk 0:15:41]} 21... Be5 {[%clk 0:18:55]} 22. Nf6+ {
[%clk 0:14:39]} 22... Kg7 {[%clk 0:18:19]} 23. Bxe5 {[%clk 0:14:28]} 23... Qxe5
{[%clk 0:18:42]} 24. Nd7 {[%clk 0:14:36]} 24... Qf5 {[%clk 0:16:45]} 25. Qc3+ {
[%clk 0:13:00]} 25... Kh6 {[%clk 0:16:04]} 26. Ne5 {[%clk 0:10:30]} 26... Rxd1
{[%clk 0:11:22]} 27. Rxd1 {[%clk 0:10:58]} 27... Kg7 {[%clk 0:10:18]} 28. Nd7+
{[%clk 0:06:31]} 28... Kh6 {[%clk 0:08:09]} 29. Ne5 {[%clk 0:06:01]} 29... Kg7
{[%clk 0:08:04]} 30. Rd7 {[%clk 0:03:00]} 30... Qf6 {[%clk 0:06:51]} 31. f4 {
[%clk 0:03:25]} 31... Rf8 {[%clk 0:05:58]} 32. Qc1 {[%clk 0:02:13]} 32... Nf5 {
[%clk 0:03:58]} 33. e3 {[%clk 0:01:08]} 33... h5 {[%clk 0:03:51]} 34. Rxa7 {
[%clk 0:00:55]} 34... Qd8 {[%clk 0:03:46]} 35. Nd7 {[%clk 0:00:33]} 35... Re8 {
[%clk 0:03:05]} 36. Qc3+ {[%clk 0:01:02]} 36... e5 {[%clk 0:02:07]} 37. Nxe5 {
[%clk 0:00:58]} 37... Qd1+ {[%clk 0:02:02]} 38. Kf2 {[%clk 0:01:11]} 38... Kg8
{[%clk 0:02:14]} 39. Nxf7 {[%clk 0:01:16]} 39... Nd4 {[%clk 0:02:20]} 40. Nh6+
{[%clk 0:00:39]} 40... Kh8 {[%clk 0:02:44]} 41. Nf7+ {[%clk 0:24:36]} 41... Kg8
{[%clk 0:33:04]} 42. Nh6+ {[%clk 0:24:34]} 42... Kh8 {[%clk 0:33:28]} 1/2-1/2